000 00429nam a2200181Ia 4500
001 1976
005 20260306143808.0
008 260306t1982||||xx |||||||||||||| ||spa||
041 _aESP
082 _aS 158.7
_bS29
100 _aSchein, Edgar H.
_eAUT
245 0 _aPsicología de la organización
260 _c1982
300 _axiv. 252 páginas :
_c23 cm.
650 _aGEN
654 _aCPS
942 _cLIB
_dJUS
_fJUS
_2ddc
_n
999 _c1976
_d1976